The Convention on the Elimination of All Forms of Discrimination against Women and its Optional Protocal (Record no. 1364)

MARC details
000 -LEADER
fixed length control field 00464nam a22001337a 4500
008 - FIXED-LENGTH DATA ELEMENTS--GENERAL INFORMATION
fixed length control field 230619b xxu||||| |||| 00| 0 eng d
020 ## - INTERNATIONAL STANDARD BOOK NUMBER
International Standard Book Number 9789211302264
082 ## - DEWEY DECIMAL CLASSIFICATION NUMBER
Classification number 305
Item number IPU
110 ## - MAIN ENTRY--CORPORATE NAME
Subordinate unit United Nations
Location of meeting Switzerland
Date of meeting or treaty signing 2003
245 ## - TITLE STATEMENT
Title The Convention on the Elimination of All Forms of Discrimination against Women and its Optional Protocal
Remainder of title Handbook for parliamentarians
260 ## - PUBLICATION, DISTRIBUTION, ETC. (IMPRINT)
Place of publication, distribution, etc. Switzerland
Name of publisher, distributor, etc. All rights reserved
Date of publication, distribution, etc. 2003
300 ## - PHYSICAL DESCRIPTION
Extent 121p
942 ## - ADDED ENTRY ELEMENTS (KOHA)
Source of classification or shelving scheme Dewey Decimal Classification
Koha item type Books
Holdings
Withdrawn status Lost status Source of classification or shelving scheme Damaged status Not for loan Home library Current library Date acquired Total Checkouts Full call number Barcode Date last seen Price effective from Koha item type
    Dewey Decimal Classification     County Hall Archives County Hall Archives 06/19/2023   305 IPU 10011144 06/19/2023 06/19/2023 Books
LIBRARY OPENING HOURS

When the Parliament is sitting: 8.00a.m - 7.00p.m or until the house adjourns
Mondays and Fridays and when the House is on Recess:  8.00a.m - 5.00p.m
Closed on Weekends and Public Holidays

Online Public Access Catalog (OPAC)
Website: http://www.parliament.go.ke
Bunge Library: https://libraryir.parliament.go.ke
Contact: library@parliament.go.ke | Tel no: (254-2)2221291 or 2848000 Ext 5043